000 01121nam a22002177a 4500
008 090719s2007 ua||||||r||| 000 0dra d
020 _a9789953821146
082 _222
_a102
_bج أ ب
100 1 0 _98056
_aالجابري ، محمد عابد
245 1 0 _aقضايا فى الفكر المعاصر:
_bالعولمة-صراع الحضارات-العودة الى الاخلاق-التسامح-الديمقراطية ونظام القيم - الفلسفة والمدنية/
_cمحمد عابد الجابري
250 _aط 3
260 _aبيروت:
_bمركز دراسات الوحدة العربية،
_c2007
300 _a158 ؛ص
_c24 سم.
504 _aيشتمل على ارجاعات ببليوجرافية(ص 157-158
541 _aمركز دراسات الوحدة العربية؛
650 _916209
_aالفلسفة
650 _98057
_aالعولمة
650 _98058
_aالديمقراطية
942 _cBB
_2ddc
999 _c12364
_d12364